Statistics for The Archer lyrics

Click here to take the quiz!

General Stats

  • This quiz has been taken 864 times
  • The average score is 241 of 273

Answer Stats

Lyrics% Correct
I
99%
the
99%
The
99%
a
98%
but
97%
But
97%
could
97%
me?
97%
me
97%
me,
97%
Who
97%
who
97%
archer,
96%
archer
96%
I've
96%
leave
96%
stay?
96%
stay
96%
You
96%
you
96%
been
95%
darling?
95%
ever
95%
prey
94%
to
94%
for
93%
I'm
93%
on
92%
They
92%
they
92%
All
91%
all
91%
Combat,
91%
combat
91%
do?
91%
of
91%
ready
91%
'Cause
90%
right
90%
right,
90%
hold
89%
my
89%
see
89%
in
88%
through
88%
and
87%
And
87%
don't
87%
if
87%
that,
87%
what
87%
king's
86%
say
86%
want
86%
men
85%
out
85%
friends
84%
go
84%
horses,
84%
onto
84%
alone
83%
again
82%
Can
82%
couldn't
82%
Help
82%
started
82%
enemies
81%
put
81%
together
81%
movies
80%
come,
79%
Easy
79%
easy
79%
said
79%
die
78%
so
78%
off
77%
cruelty
76%
got
75%
heroes
75%
never
75%
is
74%
it's
74%
jump
74%
up,
74%
almost
73%
hundred
73%
wins
73%
like
71%
speeches
71%
your
71%
getting
70%
just
69%
night,
69%
old
69%
years
69%
face,
68%
fire,
68%
reflection
68%
train,
68%
cut
67%
Dark
67%
dark
67%
ghost
67%
grew
67%
hate
67%
invisible
67%
room
67%
from
66%
nose
66%
ride
66%
side
66%
side,
66%
wake
66%
here?
64%
pace
64%
search
64%
Screaming,
63%
smoke
63%
thrown
63%
spite
62%
alright,
57%
then
57%

Score Distribution

Percentile by Number Answered

Percent of People with Each Score

Your Score History

You have not taken this quiz